[Event "IECC CL7-2001.13"]
[Site "IECC email"]
[Date "2001.05.14"]
[Round "?"]
[White "Venturas, Bob"]
[Black "Jaskulski, Adam"]
[Result "0-1"]
[WhiteElo "1152"]
[BlackElo "1100"]
[PlyCount "67"]
[EventDate "2001.??.??"]
[EventType "tourn (corr)"]
[EventRounds "4"]
[SourceTitle "Corr 2008"]
[Source "ChessBase"]
[SourceDate "2008.06.24"]
[SourceVersion "1"]
[SourceVersionDate "2008.06.24"]
[SourceQuality "1"]

1. e4 e5 2. Nf3 Nc6 3. Bb5 a6 4. Bxc6 dxc6 5. d3 Bc5 6. Nxe5 Qd4 7. 0-0 Qxe5 8. c3 Qe7 9. Nd2 Nf6 10. d4 Bb6 11. e5 Nd5 12. Re1 Bf5 13. Nc4 0-0 14. Nxb6 cxb6 15. Qf3 Qe6 16. Qg3 Qg6 17. Qxg6 hxg6 18. Bg5 Rfe8 19. a3 b5 20. h3 f6 21. Bh4 g5 22. Bg3 Rad8 23. f4 gxf4 24. Bh2 Kf7 25. Rad1 Ne3 26. Rd2 fxe5 27. g3 Bxh3 28. gxf4 Nc4 29. Rde2 exd4 30. b3 Rxe2 31. Rxe2 d3 32. Re1 d2 33. Rd1 Ne3 34. Rc1 0-1